Design theory /

Guardado en:
Autor Principal: Lindner, Charles C.
Otros Autores: Rodger, C. A.
Formato: Libro
Idioma:English
Publicado: Boca Raton : CRC Press, c1997.
Series:The CRC Press series on discrete mathematics and its applications
Etiquetas: Agregar Etiqueta
Sin Etiquetas, Sea el primero en etiquetar este registro!
LEADER 00645nam a22001815a 4500
001 MAT.inmabb000037
008 970224s1997####flua#####b####001#0#eng##
005 20150716195128.0
245 1 0 |a Design theory /  |c C. C. Lindner, C. A. Rodger. 
260 |a Boca Raton :  |b CRC Press,  |c c1997. 
300 |a 198 p. :  |b il. ;  |c 25 cm. 
440 4 |a The CRC Press series on discrete mathematics and its applications 
504 |a Includes bibliographical references (p. 195-196) and index. 
020 |a 0849339863 
100 1 |a Lindner, Charles C. 
700 1 |a Rodger, C. A.  |q (Christopher Andrew) 
084 |a 05-01 (05B05)  |2 MR 
859 |h 05  |i L747  |p A-7734  |b BIB. MATEMATICA